[Event "Titled Tuesday intern op 12th Apr Late"]
[Site "Chess.com INT"]
[Date "2022.04.12"]
[Round "3"]
[White "Feinberg, Noam"]
[Black "Zherebtsova, Alexandra"]
[Result "0-1"]
[WhiteElo "1891"]
[BlackElo "2155"]
[PlyCount "82"]
[EventDate "2022.04.12"]
[EventType "swiss (blitz)"]
[EventRounds "11"]
[EventCountry "USA"]
[SourceTitle "CBM 207 Extra"]
[Source "ChessBase"]
[SourceDate "2022.05.31"]
[SourceVersion "1"]
[SourceVersionDate "2022.05.31"]
[SourceQuality "1"]

1. e4 e5 2. Nf3 Nc6 3. Bb5 a6 4. Bxc6 dxc6 5. 0-0 Ne7 6. Nxe5 Qd4 7. Qh5 g6 8. Qg5 Bg7 9. Nd3 h6 10. Qg3 0-0 11. Qxc7 Re8 12. Re1 b5 13. Nc3 Ra7 14. Qa5 Bb7 15. Qb4 Qd8 16. Nc5 a5 17. Qb3 Ba8 18. d3 Bf8 19. a4 b4 20. Ne2 Nc8 21. Be3 Nd6 22. c3 bxc3 23. bxc3 Rae7 24. Nd4 Qc7 25. Qc2 Nb7 26. Nxb7 Bxb7 27. Nb3 Bc8 28. Bc5 Re5 29. Bxf8 Rxf8 30. d4 Rh5 31. Nc5 Qxh2+ 32. Kf1 Qh1+ 33. Ke2 Qxg2 34. Rg1 Bg4+ 35. Kd3 Qf3+ 36. Kc4 Rh2 37. Raf1 Rb8 38. Qd3 Qxd3+ 39. Kxd3 Be6 40. Nxe6 fxe6 41. Rxg6+ Kf7 0-1